La via d'uscita : confessioni intime di un alpinista estremo /
Uloženo v:
| Hlavní autor: | |
|---|---|
| Další autoři: | , , |
| Médium: | Kniha |
| Jazyk: | italština |
| Vydáno: |
Torino :
CDA Vivalda,
°2007!
|
| Edice: | I licheni ;
84 |
| Témata: | |
| Tagy: |
Žádné tagy, Buďte první, kdo vytvoří štítek k tomuto záznamu!
|
MARC
| LEADER | 00000nam a22000007i 4500 | ||
|---|---|---|---|
| 001 | IT\ICCU\VIA\0156406 | ||
| 003 | ItRI | ||
| 005 | 20250725183446.0 | ||
| 008 | 070821s2007 it |||||| ||||| |||||c | ||
| 020 | |a 9788874801077 | ||
| 040 | |b ita |c ct | ||
| 041 | 7 | |a ita |2 ISO-639-2 | |
| 082 | |a 796.5223092 |2 21 | ||
| 100 | 1 | |a Batard, Marc |0 IT\ICCU\TO0V\526524 |4 aut | |
| 240 | 1 | 3 | |a La sortie des cimes. - |
| 245 | 1 | 3 | |a La via d'uscita : |b confessioni intime di un alpinista estremo / |c Marc Batard ; prefazione di Gianni Vattimo. |
| 260 | |a Torino : |b CDA Vivalda, |c °2007! | ||
| 300 | |a 208 p., 5 c. di tav. : |b ill. ; |c 20 cm. | ||
| 650 | 7 | |a Batard, Marc |2 scbi | |
| 650 | 7 | |a Batard, Marc |x Autobiografia |2 scbi | |
| 650 | 7 | |a ALPINISTI |x Diari e memorie |2 scbi | |
| 700 | 1 | |a Vattimo, Gianni |0 IT\ICCU\CFIV\000010 | |
| 700 | 1 | |a Bosco, Gabriella | |
| 700 | 1 | |a Brunati, Paolo | |
| 830 | 2 | |a I licheni ; |v 84 |0 IT\ICCU\VIA\0034531 | |
| 942 | |2 ddc |c BK | ||
| 952 | |0 0 |1 0 |2 ddc |4 0 |6 B_LNR01BATMAVIA11 |7 0 |9 9184 |a MI |b MI |d 2012-12-05 |i 6508 |l 0 |o B-LNR01-BATMA-VIA11 |p CDOM6508 |r 2025-07-17 21:50:46 |w 2025-07-17 |x ACQUISTO |y BK | ||
| 981 | 1 | |6 z01 |a i |b xxxe | |
| 982 | 1 | |6 z01 |a n | |
| 999 | |c 7652 |d 7652 | ||